[Event "Titled Tue 24th Jun Early"]
[Site "chess.com INT"]
[Date "2025.06.24"]
[Round "7"]
[White "Gimeno Martos, Roberto"]
[Black "Alvarez Leon, Luis"]
[Result "0-1"]
[WhiteTitle "CM"]
[BlackTitle "FM"]
[WhiteElo "2090"]
[BlackElo "2178"]
[WhiteFideId "2226804"]
[BlackFideId "3600351"]
[EventDate "2025.06.24"]

1. d4 Nf6 2. Nf3 g6 3. Nc3 d5 4. Bg5 Bg7 5. Qd2 c6 6. Bh6 Bxh6 7. Qxh6 b5 8. e3
Nbd7 9. Bd3 a6 10. O-O e6 11. e4 dxe4 12. Nxe4 Nxe4 13. Bxe4 Bb7 14. Qg7 Qf6 15.
Qxf6 Nxf6 16. Bd3 O-O-O 17. Rad1 Nd5 18. c3 f6 19. Rfe1 Rde8 20. Be4 Kd7 21.
Bxd5 cxd5 22. Re3 Kd6 23. Rde1 Re7 24. Nd2 Rhe8 25. f4 e5 26. fxe5+ fxe5 27.
dxe5+ Rxe5 28. Rxe5 Rxe5 29. Rxe5 Kxe5 30. Kf2 d4 31. cxd4+ Kxd4 32. g3 Kd3 33.
Nb3 Kc2 34. Nc5 Bc8 35. b3 Kb2 36. a4 b4 37. Ke3 Kc3 38. h4 a5 39. Ke4 Bg4 40.
Ke5 Bd1 41. Kf6 Bxb3 42. Kg7 Bc2 43. Kxh7 b3 44. Nxb3 Kxb3 0-1

[Event "Titled Tue 24th Jun Early"]
[Site "chess.com INT"]
[Date "2025.06.24"]
[Round "7"]
[White "Emeliantsev, Anatoliy"]
[Black "Ghimoyan, Narek"]
[Result "0-1"]
[WhiteTitle "FM"]
[BlackTitle "CM"]
[WhiteElo "2359"]
[BlackElo "2273"]
[WhiteFideId "4160681"]
[BlackFideId "13315412"]
[EventDate "2025.06.24"]

1. d4 g6 2. c4 Bg7 3. Nc3 c5 4. d5 Bxc3+ 5. bxc3 d6 6. e4 Nd7 7. f4 b5 8. cxb5
a6 9. bxa6 Bxa6 10. Bxa6 Rxa6 11. Ne2 Ngf6 12. Qd3 Qa8 13. O-O O-O 14. a3 Ra4
15. Ng3 c4 16. Qf3 Nc5 17. Be3 Rxa3 18. Rxa3 Qxa3 19. Bd4 Nb3 20. Bxf6 exf6 21.
f5 Nd2 22. Qe3 Nxf1 23. Nxf1 Re8 24. Ng3 Qa1+ 25. Kf2 Qd1 26. Ne2 gxf5 27. Qg3+
Kh8 28. Qxd6 Rxe4 29. Qxf6+ Kg8 30. Qd8+ Kg7 31. Qg5+ Kf8 32. Qd8+ Re8 33. Qd6+
Re7 34. Nd4 Qd2+ 35. Kf1 Qe1# 0-1

[Event "Titled Tue 24th Jun Early"]
[Site "chess.com INT"]
[Date "2025.06.24"]
[Round "7"]
[White "Chen, Ryo"]
[Black "Kozlov, Oleg"]
[Result "0-1"]
[WhiteTitle "IM"]
[BlackTitle "IM"]
[WhiteElo "2395"]
[BlackElo "2253"]
[WhiteFideId "7003072"]
[BlackFideId "4104544"]
[EventDate "2025.06.24"]

1. e4 c5 2. Nf3 e6 3. d4 cxd4 4. Nxd4 a6 5. Nc3 b5 6. Bd3 Qb6 7. Nb3 Qc7 8. O-O
Bb7 9. Qe2 Be7 10. Bd2 Nc6 11. Rae1 d6 12. f4 Nf6 13. Kh1 Nd7 14. Nd5 exd5 15.
exd5 Nce5 16. fxe5 Nxe5 17. Nd4 O-O 0-1

[Event "Titled Tue 24th Jun Early"]
[Site "chess.com INT"]
[Date "2025.06.24"]
[Round "7"]
[White "Anupam, M Sreekumar"]
[Black "Ochedzan, Filip"]
[Result "0-1"]
[WhiteTitle "WCM"]
[BlackTitle "CM"]
[WhiteElo "1943"]
[BlackElo "1983"]
[WhiteFideId "45033501"]
[BlackFideId "21892610"]
[EventDate "2025.06.24"]

1. e4 g6 2. d4 Bg7 3. Nf3 d5 4. exd5 Nf6 5. Be2 Nxd5 6. O-O O-O 7. c4 Nf6 8. Nc3
b6 9. Bf4 Bb7 10. Nb5 Na6 11. Rc1 c6 12. Nc3 Nc7 13. h3 Ne6 14. Be3 Rc8 15. Ne5
Qc7 16. Qb3 Rfd8 17. Rfd1 Qb8 18. Bf3 Nd7 19. Nxd7 Rxd7 20. d5 cxd5 21. cxd5 Nc5
22. Qb4 Na6 23. Qa3 Rcd8 24. Bg4 f5 25. Bf3 Nc7 26. Bf4 Qa8 27. Ne2 Nxd5 28.
Bxd5+ Bxd5 0-1

[Event "Titled Tue 24th Jun Early"]
[Site "chess.com INT"]
[Date "2025.06.24"]
[Round "7"]
[White "Brenke, Andreas"]
[Black "Cherukuri, Nitesh"]
[Result "0-1"]
[WhiteTitle "FM"]
[BlackTitle "CM"]
[WhiteElo "2349"]
[BlackElo "2171"]
[WhiteFideId "4602900"]
[BlackFideId "30978688"]
[EventDate "2025.06.24"]

1. d4 Nf6 2. c4 g6 3. Nc3 Bg7 4. e4 d6 5. Be2 O-O 6. h4 c5 7. d5 b5 8. cxb5 a6
9. a4 axb5 10. Bxb5 Ba6 11. Qc2 Ng4 12. Nge2 e6 13. Ra3 Nd7 14. h5 exd5 15. Nxd5
Bxb5 16. axb5 Rxa3 17. bxa3 Qa5+ 18. Bd2 Qd8 19. hxg6 fxg6 20. Qb3 Kh8 21. f3
Nge5 22. b6 c4 23. Qb4 Nd3+ 0-1

[Event "Titled Tue 24th Jun Early"]
[Site "chess.com INT"]
[Date "2025.06.24"]
[Round "7"]
[White "Mateus, Martha"]
[Black "De Miranda, Alexandre Pinto"]
[Result "1-0"]
[WhiteTitle "WIM"]
[WhiteElo "1972"]
[BlackElo "2063"]
[WhiteFideId "4401549"]
[BlackFideId "2108445"]
[EventDate "2025.06.24"]

1. d4 d5 2. c4 e6 3. Nc3 Nf6 4. cxd5 exd5 5. Bg5 Be7 6. e3 h6 7. Bh4 c6 8. Bd3
Be6 9. Nge2 Nbd7 10. O-O Nf8 11. f3 g5 12. Bf2 Ng6 13. e4 Qd7 14. Qc2 Nf4 15.
Nxf4 gxf4 16. Rfe1 O-O-O 17. exd5 Nxd5 18. Nxd5 Bxd5 19. Bf5 Be6 20. Bxe6 fxe6
21. Qg6 Bb4 22. Rxe6 Rdg8 23. Qe4 Qg7 24. g3 fxg3 25. Bxg3 Qg6 26. Rxg6 1-0

[Event "Titled Tue 24th Jun Early"]
[Site "chess.com INT"]
[Date "2025.06.24"]
[Round "7"]
[White "Ribeiro, Gustavo"]
[Black "Milanovic, Vojislav"]
[Result "1-0"]
[WhiteTitle "FM"]
[BlackTitle "IM"]
[WhiteElo "2314"]
[BlackElo "2293"]
[WhiteFideId "1941852"]
[BlackFideId "905046"]
[EventDate "2025.06.24"]

1. c4 g6 2. g3 Bg7 3. Bg2 d6 4. Nc3 Nc6 5. d3 e5 6. b3 e4 7. Bb2 exd3 8. Qxd3
Nf6 9. O-O-O O-O 10. e4 Ng4 11. Nh3 Nge5 12. Qe2 Bg4 13. f3 Bd7 14. Nf4 a6 15.
h4 h5 16. Kb1 Rb8 17. Nfd5 Ne7 18. Nxe7+ Qxe7 19. Nd5 Qd8 20. Qc2 c6 21. Nf4 Qf6
22. c5 d5 23. Rhe1 Rfe8 24. a4 Rbd8 25. Ka2 Bc8 26. exd5 Bf5 27. Qc3 cxd5 28.
Nxd5 Qc6 29. f4 Be6 30. Rxe5 Bxd5 31. Rxe8+ 1-0

[Event "Titled Tue 24th Jun Early"]
[Site "chess.com INT"]
[Date "2025.06.24"]
[Round "7"]
[White "Weisz, Bryan"]
[Black "Domin, Yan"]
[Result "0-1"]
[BlackTitle "FM"]
[WhiteElo "2059"]
[BlackElo "2222"]
[WhiteFideId "30934133"]
[BlackFideId "34169342"]
[EventDate "2025.06.24"]

1. Nf3 Nf6 2. c4 d6 3. d4 g6 4. Nc3 Bg7 5. e4 O-O 6. Be2 Na6 7. O-O e5 8. Be3
exd4 9. Bxd4 Re8 10. Bd3 Nc5 11. Bxc5 dxc5 12. Re1 c6 13. e5 Ng4 14. Ne4 Nxe5
15. Nxc5 b6 16. Nxe5 Bxe5 17. Nb3 Bxb2 18. Rb1 Rxe1+ 19. Qxe1 Qxd3 20. Rxb2 Be6
21. Rd2 Qxc4 22. Nd4 c5 23. Nxe6 Qxe6 24. Re2 Qd6 25. Rd2 Qe6 26. Re2 Qf6 27.
Re7 Rc8 28. Rxa7 c4 29. a4 c3 30. Qc1 c2 31. Rd7 Qb2 0-1

[Event "Titled Tue 24th Jun Early"]
[Site "chess.com INT"]
[Date "2025.06.24"]
[Round "7"]
[White "Mayank, Chakraborty"]
[Black "Ben Ari, Yannay"]
[Result "1-0"]
[WhiteTitle "IM"]
[BlackTitle "IM"]
[WhiteElo "2457"]
[BlackElo "2450"]
[WhiteFideId "25659766"]
[BlackFideId "2815222"]
[EventDate "2025.06.24"]

1. d4 Nf6 2. c4 b6 3. Nc3 Bb7 4. Nf3 e6 5. a3 d6 6. Qc2 c5 7. Bg5 cxd4 8. Nxd4
Be7 9. e4 Nbd7 10. Rd1 a6 11. Be2 Rc8 12. O-O O-O 13. Rfe1 Qc7 14. a4 Rfe8 15.
b3 Nxe4 16. Bxe7 Nxc3 17. Bxd6 Nxe2+ 18. Nxe2 Qc6 19. f3 b5 20. axb5 axb5 21.
Ba3 bxc4 22. Qxc4 Qxc4 23. bxc4 Bc6 24. Nd4 Ba4 25. Rc1 Ne5 26. Rxe5 1-0

[Event "Titled Tue 24th Jun Early"]
[Site "chess.com INT"]
[Date "2025.06.24"]
[Round "7"]
[White "Gonzalez Guedes, Iyan"]
[Black "Radchenko, Alexey"]
[Result "1-0"]
[WhiteTitle "FM"]
[BlackTitle "FM"]
[WhiteElo "2238"]
[BlackElo "2290"]
[WhiteFideId "24524131"]
[BlackFideId "4192362"]
[EventDate "2025.06.24"]

1. e4 c6 2. d4 d5 3. e5 c5 4. dxc5 e6 5. a3 Bxc5 6. b4 Bb6 7. Qg4 Kf8 8. Nf3 Ne7
9. Bd3 Nbc6 10. Bb2 Nf5 11. Nbd2 h5 12. Qh3 g5 13. g4 Ng7 14. gxh5 Rxh5 15. Qg4
Bd7 16. O-O-O Qe7 17. h4 a5 18. hxg5 Rxh1 19. Rxh1 Nf5 20. Rh8+ Kg7 21. Rxa8
axb4 22. Qh5 Be8 23. Bxf5 exf5 24. e6+ Nd4 25. Nxd4 f6 26. Nxf5+ Kf8 27. Qh8# 1-0

[Event "Titled Tue 24th Jun Early"]
[Site "chess.com INT"]
[Date "2025.06.24"]
[Round "7"]
[White "Sovetbekova, Nurai"]
[Black "Li, Yilin"]
[Result "1-0"]
[WhiteTitle "WFM"]
[BlackTitle "WFM"]
[WhiteElo "2007"]
[BlackElo "1922"]
[WhiteFideId "13801910"]
[BlackFideId "8610410"]
[EventDate "2025.06.24"]

1. d4 d5 2. Bf4 e6 3. e3 Nf6 4. Nf3 Bd6 5. Bg3 O-O 6. c3 c5 7. Nbd2 Nc6 8. Ne5
Ne4 9. Nxe4 dxe4 10. Be2 Qc7 11. Nxc6 Qxc6 12. Bxd6 Qxd6 13. O-O g6 14. dxc5
Qxc5 15. Qa4 f5 16. Rad1 Qc7 17. Bc4 Qe7 18. Rd2 Kg7 19. Rfd1 Kh8 20. Bb3 a6 21.
Qd4+ e5 22. Qb6 Re8 23. Rd8 Be6 24. Rxa8 Rxa8 25. Qxe6 1-0

[Event "Titled Tue 24th Jun Early"]
[Site "chess.com INT"]
[Date "2025.06.24"]
[Round "7"]
[White "Fernandez Siles, Luis"]
[Black "Sethuraman, Roshan"]
[Result "0-1"]
[WhiteTitle "FM"]
[WhiteElo "2170"]
[BlackElo "2074"]
[WhiteFideId "2209420"]
[BlackFideId "30965250"]
[EventDate "2025.06.24"]

1. d4 Nf6 2. c4 e6 3. Nf3 d5 4. Nc3 dxc4 5. e3 a6 6. a4 Bb4 7. Bxc4 O-O 8. O-O
c5 9. Qe2 Qc7 10. Rd1 Nc6 11. d5 exd5 12. Nxd5 Nxd5 13. Bxd5 Bg4 14. h3 Bh5 15.
Qc4 Rad8 16. e4 Ne5 17. Qb3 Nxf3+ 18. gxf3 Kh8 19. Qe3 Qc8 20. Kg2 c4 21. Qg5
Bg6 22. Bf4 f6 23. Qg4 f5 24. Qg3 fxe4 25. fxe4 Bc5 26. f3 Be7 27. Rdc1 b5 28.
axb5 axb5 29. Ra6 Qxa6 0-1

[Event "Titled Tue 24th Jun Early"]
[Site "chess.com INT"]
[Date "2025.06.24"]
[Round "7"]
[White "Goryachkina, Aleksandra"]
[Black "Marynychenko, Yehor"]
[Result "1-0"]
[WhiteTitle "GM"]
[BlackTitle "CM"]
[WhiteElo "2533"]
[BlackElo "2183"]
[WhiteFideId "4147103"]
[BlackFideId "34160558"]
[EventDate "2025.06.24"]

1. e4 c5 2. Nf3 Nc6 3. Bb5 Nd4 4. Nxd4 cxd4 5. O-O a6 6. Bd3 e6 7. c3 dxc3 8.
dxc3 d6 9. Nd2 Nf6 10. a4 Be7 11. a5 O-O 12. Nc4 d5 13. Nb6 Rb8 14. Bf4 Bd6 15.
e5 Bc7 16. Re1 Ne8 17. Qh5 g6 18. Qh6 Bxb6 19. axb6 Ng7 20. Bg5 Qd7 21. Bf6 Ne8
22. Re3 1-0

[Event "Titled Tue 24th Jun Early"]
[Site "chess.com INT"]
[Date "2025.06.24"]
[Round "7"]
[White "Punin, Andrii"]
[Black "Harshavardhan, G B"]
[Result "1/2-1/2"]
[WhiteTitle "FM"]
[BlackTitle "IM"]
[WhiteElo "2289"]
[BlackElo "2472"]
[WhiteFideId "14112639"]
[BlackFideId "25059009"]
[EventDate "2025.06.24"]

1. e4 e5 2. Nf3 Nc6 3. Nc3 Nf6 4. d4 exd4 5. Nxd4 Bb4 6. Nxc6 bxc6 7. Bd3 O-O 8.
O-O d5 9. Bd2 Bxc3 10. Bxc3 Nxe4 11. Bxe4 dxe4 12. Qh5 Qd5 13. Qe5 Qxe5 14. Bxe5
Rd8 15. Bxc7 Rd5 16. h4 Bf5 17. Bf4 Rad8 18. Be3 a6 19. a4 Rb8 20. b3 Bg4 21.
Rfe1 f6 22. Kh2 Kf7 23. Kg3 Bf5 24. Red1 Rbd8 25. Rxd5 Rxd5 26. b4 Bd7 27. Rb1
h6 28. c4 Rd3 29. b5 cxb5 30. cxb5 axb5 31. axb5 Bc8 32. b6 Bb7 33. Rc1 Rd7 34.
Rc7 Ke6 35. Rxd7 Kxd7 36. h5 Ke6 37. Kf4 Bc6 38. g4 Bb7 39. Bc5 Bc6 40. Bf8 Kf7
41. Bc5 Ke6 42. Bf8 Kf7 43. Bb4 Bb7 44. Ke3 Ke6 45. Bf8 Kf7 46. Bb4 Ke6 47. Kf4
Bc6 48. Bf8 1/2-1/2

[Event "Titled Tue 24th Jun Early"]
[Site "chess.com INT"]
[Date "2025.06.24"]
[Round "7"]
[White "Agarwal, Amaya"]
[Black "Babayeva, Nasrin"]
[Result "0-1"]
[WhiteTitle "WCM"]
[BlackTitle "WFM"]
[WhiteElo "2004"]
[BlackElo "1936"]
[WhiteFideId "48733580"]
[BlackFideId "13416626"]
[EventDate "2025.06.24"]

1. e4 e5 2. Nf3 Nc6 3. d4 exd4 4. Bc4 Bb4+ 5. c3 dxc3 6. O-O d6 7. bxc3 Bc5 8.
Qb3 Qd7 9. Bf4 Na5 10. Bb5 c6 11. Qa4 cxb5 12. Qxa5 b6 13. Qa3 Bxa3 14. Nxa3 Bb7
15. Nc2 Nf6 16. Rfe1 O-O 17. Ncd4 Nxe4 18. Rad1 Nxc3 19. Ne2 Nxd1 20. Rxd1 Bxf3
21. gxf3 d5 22. Nc3 d4 23. Ne4 Qf5 24. Ng3 Qxf4 25. Kg2 Rad8 26. Kg1 Qxf3 27.
Rd2 d3 28. Rc2 dxc2 29. Nf1 c1=Q 30. h4 Qxf1+ 31. Kxf1 Rd1# 0-1

[Event "Titled Tue 24th Jun Early"]
[Site "chess.com INT"]
[Date "2025.06.24"]
[Round "7"]
[White "Asish Panda"]
[Black "Nersisyan, Garnik"]
[Result "1-0"]
[BlackTitle "CM"]
[WhiteElo "1911"]
[BlackElo "2035"]
[WhiteFideId "45012458"]
[BlackFideId "13300741"]
[EventDate "2025.06.24"]

1. e4 e6 2. Nf3 d5 3. Nc3 dxe4 4. Nxe4 Nd7 5. d4 Be7 6. Bd3 Ngf6 7. Nxf6+ Nxf6
8. c3 O-O 9. O-O b6 10. Re1 Bb7 11. Bf4 c5 12. Be5 cxd4 13. Bxd4 Bc5 14. Bxc5
bxc5 15. Qe2 Qd5 16. a3 Qh5 17. Ne5 Qxe2 18. Bxe2 Rfd8 19. Rad1 Kf8 20. b4 cxb4
21. axb4 Ke7 22. c4 a5 23. b5 Rxd1 24. Rxd1 a4 25. c5 Bd5 26. c6 Ne4 27. b6 Nc3
28. b7 Nxe2+ 29. Kf1 Rg8 30. Rxd5 exd5 31. c7 Kd6 32. b8=Q Kxe5 33. c8=Q+ 1-0

[Event "Titled Tue 24th Jun Early"]
[Site "chess.com INT"]
[Date "2025.06.24"]
[Round "7"]
[White "Sitnic, Adnan"]
[Black "Lesueur, Gabriel"]
[Result "1-0"]
[WhiteTitle "CM"]
[BlackTitle "FM"]
[WhiteElo "2058"]
[BlackElo "2278"]
[WhiteFideId "14403854"]
[BlackFideId "45186359"]
[EventDate "2025.06.24"]

1. e4 e5 2. Nf3 Nf6 3. Nxe5 d5 4. exd5 Qxd5 5. Nd3 Nc6 6. Nc3 Qg5 7. g3 Bg4 8.
Be2 O-O-O 9. Nf4 Bc5 10. h4 Qf5 11. O-O g5 12. hxg5 Qxg5 13. Ne4 Nxe4 14. Bxg4+
Kb8 15. Qf3 Nxg3 16. Qxg3 h5 17. d4 Nxd4 18. Nxh5 Ne2+ 19. Bxe2 Qd5 20. Bf3 1-0

[Event "Titled Tue 24th Jun Early"]
[Site "chess.com INT"]
[Date "2025.06.24"]
[Round "7"]
[White "Storn, Justin"]
[Black "Adewumi, Tanitoluwa"]
[Result "0-1"]
[BlackTitle "FM"]
[WhiteElo "2073"]
[BlackElo "2362"]
[WhiteFideId "30922720"]
[BlackFideId "30966396"]
[EventDate "2025.06.24"]

1. c4 e6 2. a3 Nf6 3. Nf3 b6 4. g3 Bb7 5. Bg2 Be7 6. O-O O-O 7. d4 d5 8. c5 bxc5
9. dxc5 Bxc5 10. b4 Be7 11. Bb2 Nbd7 12. Nbd2 c5 13. bxc5 Nxc5 14. Rc1 Rc8 15.
Ne5 Qb6 16. Rb1 Qa6 17. g4 Rfd8 18. Ndf3 Nfe4 19. Nd4 Na4 20. Qb3 Nd2 21. Qh3
Nxf1 22. Bxf1 Nxb2 23. Rxb2 Bf6 24. e3 Rc1 25. f4 Rdc8 26. Rf2 Qd6 27. Ndf3 Ba6
28. g5 Bxf1 29. Rxf1 Rxf1+ 30. Qxf1 Bxe5 31. Nxe5 Qxa3 32. Qb5 Qxe3+ 0-1

[Event "Titled Tue 24th Jun Early"]
[Site "chess.com INT"]
[Date "2025.06.24"]
[Round "7"]
[White "Pakleza, Zbigniew"]
[Black "Ben Artzi, Ido"]
[Result "1-0"]
[WhiteTitle "GM"]
[BlackTitle "IM"]
[WhiteElo "2484"]
[BlackElo "2339"]
[WhiteFideId "1119290"]
[BlackFideId "2810913"]
[EventDate "2025.06.24"]

1. d4 Nf6 2. Nf3 d5 3. Bf4 c5 4. c3 Nc6 5. Nbd2 Qb6 6. Qb3 c4 7. Qc2 g6 8. e4
Bg7 9. exd5 Nxd5 10. Nxc4 Qd8 11. Bg3 O-O 12. Be2 Bf5 13. Qb3 Qd7 14. O-O Kh8
15. Rfe1 f6 16. h3 Rac8 17. Nd6 exd6 18. Qxd5 Rcd8 19. Qb3 d5 20. Qa3 a6 21. b4
Be4 22. Qb2 f5 23. Bf4 Rde8 24. a4 h6 25. b5 axb5 26. axb5 Nd8 27. Ne5 Qe6 28.
f3 g5 29. Bh2 f4 30. fxe4 dxe4 31. Bh5 Bxe5 32. Bxe8 Bg7 33. Bh5 e3 34. Ra8 Qd6
35. Rxe3 1-0

[Event "Titled Tue 24th Jun Early"]
[Site "chess.com INT"]
[Date "2025.06.24"]
[Round "7"]
[White "Cuenca Jimenez, Jose Fernando"]
[Black "Andrade, Ivan"]
[Result "1-0"]
[WhiteTitle "GM"]
[BlackTitle "FM"]
[WhiteElo "2487"]
[BlackElo "2144"]
[WhiteFideId "2255570"]
[BlackFideId "14800039"]
[EventDate "2025.06.24"]

1. d4 Nf6 2. Bf4 b6 3. Nc3 Bb7 4. f3 e6 5. e4 d6 6. Qd2 Be7 7. O-O-O Nbd7 8. Be3
e5 9. Nge2 O-O 10. g4 a6 11. Ng3 exd4 12. Bxd4 Ne5 13. Be2 Re8 14. g5 Nfd7 15.
f4 Nc6 16. Bf2 Bf8 17. Bf3 Na5 18. b3 g6 19. h4 Bg7 20. h5 b5 21. hxg6 fxg6 22.
Bd4 Qe7 23. Bg4 Nf8 24. f5 b4 25. f6 bxc3 26. Qxc3 1-0

[Event "Titled Tue 24th Jun Early"]
[Site "chess.com INT"]
[Date "2025.06.24"]
[Round "7"]
[White "Vinolas Anglada, Laura"]
[Black "Lugo, Blas"]
[Result "0-1"]
[WhiteTitle "WCM"]
[BlackTitle "IM"]
[WhiteElo "2059"]
[BlackElo "2399"]
[WhiteFideId "24517925"]
[BlackFideId "2011263"]
[EventDate "2025.06.24"]

1. e4 e5 2. Nf3 Nc6 3. Bc4 Nf6 4. d4 exd4 5. e5 d5 6. Bb5 Ne4 7. Nxd4 Bc5 8. Be3
Bd7 9. Bxc6 bxc6 10. Nd2 Nxd2 11. Qxd2 Bb6 12. O-O Qe7 13. a4 a5 14. f4 c5 15.
Nb3 d4 16. Bf2 Bc6 17. Bg3 Rd8 18. Kh1 c4 19. Nxa5 Bd5 20. b4 h5 21. f5 h4 22.
Bf4 h3 23. Rf2 hxg2+ 24. Rxg2 c3 25. Qd3 Qxb4 26. Qb5+ Qxb5 27. axb5 Ra8 28. Nb3
Rxa1+ 29. Nxa1 Kd7 30. Kg1 d3+ 31. Kf1 Bxg2+ 32. Kxg2 d2 0-1

[Event "Titled Tue 24th Jun Early"]
[Site "chess.com INT"]
[Date "2025.06.24"]
[Round "7"]
[White "Roebers, Jan"]
[Black "Llari, Marc"]
[Result "1-0"]
[WhiteTitle "FM"]
[BlackTitle "FM"]
[WhiteElo "2056"]
[BlackElo "2334"]
[WhiteFideId "1007815"]
[BlackFideId "651044269"]
[EventDate "2025.06.24"]

1. e4 Nf6 2. e5 Nd5 3. d4 d6 4. c4 Nb6 5. f4 dxe5 6. fxe5 Bf5 7. Nc3 e6 8. Nf3
c5 9. d5 exd5 10. cxd5 N8d7 11. Be2 c4 12. O-O Bc5+ 13. Kh1 O-O 14. Ng5 Bg6 15.
e6 fxe6 16. Nxe6 Rxf1+ 17. Qxf1 Qf6 18. Bg5 Qxf1+ 19. Rxf1 Bb4 20. h4 Bxc3 21.
bxc3 Nxd5 22. Bxc4 N7b6 23. Nc7 Nxc4 24. Nxa8 h6 25. Bd8 Nxc3 26. Rc1 Nb6 27.
Nxb6 Nxa2 28. Ra1 axb6 29. Rxa2 b5 30. Rb2 Be8 31. Kh2 Bc6 32. Kg3 Kf7 33. Kf4
Ke8 34. Bb6 Kf7 35. g4 Bd7 36. h5 Bc6 37. Bd4 Bd7 38. g5 hxg5+ 39. Kxg5 Bc6 40.
Kf4 Kf8 41. Rb3 Be8 42. Kg5 Kg8 43. Rg3 Kf8 44. Kh4 g6 45. h6 Kg8 46. Kg5 Kh7
47. Bg7 Bc6 48. Kf6 Be4 49. Re3 Bc6 50. Rd3 b4 51. Rd8 1-0

[Event "Titled Tue 24th Jun Early"]
[Site "chess.com INT"]
[Date "2025.06.24"]
[Round "7"]
[White "Ozen, Batuhan"]
[Black "Perez Cruz, Adianet"]
[Result "1-0"]
[WhiteTitle "CM"]
[BlackTitle "WFM"]
[WhiteElo "2128"]
[BlackElo "1984"]
[WhiteFideId "6345123"]
[BlackFideId "3510115"]
[EventDate "2025.06.24"]

1. c4 c6 2. g3 d5 3. Bg2 dxc4 4. Nf3 Nf6 5. O-O Bf5 6. a4 Nbd7 7. Na3 h6 8. Nxc4
e6 9. b3 Be7 10. Bb2 O-O 11. Nfe5 Be4 12. Nxd7 Qxd7 13. Bxf6 Bxf6 14. Bxe4 Bxa1
15. Qxa1 Rad8 16. d3 b5 17. Ne5 Qd6 18. Nxc6 Rc8 19. axb5 f5 20. Bg2 Rc7 21. Qe5
Qxe5 22. Nxe5 Rc3 23. Ra1 Rxb3 24. Bc6 Rb2 25. Kf1 f4 26. Rxa7 fxg3 27. hxg3
Rb1+ 28. Kg2 Rb2 29. Nd7 Rd8 30. b6 Rxe2 31. b7 Rb2 32. Ra8 1-0

[Event "Titled Tue 24th Jun Early"]
[Site "chess.com INT"]
[Date "2025.06.24"]
[Round "7"]
[White "Guerrero Cataldo, Juan Andres"]
[Black "Marin Posada, Sebastian"]
[Result "1-0"]
[WhiteTitle "CM"]
[BlackTitle "FM"]
[WhiteElo "2082"]
[BlackElo "2246"]
[WhiteFideId "3421260"]
[BlackFideId "4402782"]
[EventDate "2025.06.24"]

1. e4 c5 2. Nf3 d6 3. Bb5+ Nd7 4. O-O a6 5. Bd3 g6 6. c3 Bg7 7. Bc2 Ngf6 8. d4
O-O 9. Re1 e6 10. h3 b5 11. Bf4 Qb6 12. Nbd2 cxd4 13. cxd4 Bb7 14. a4 Rac8 15.
axb5 axb5 16. Bd3 Rfd8 17. Qb3 e5 18. dxe5 dxe5 19. Nxe5 Nxe5 20. Bxe5 Qc5 21.
Nf3 Nh5 22. Bxg7 Kxg7 23. Qxb5 Qxb5 24. Bxb5 Nf4 25. Ra7 Bc6 26. Bc4 Be8 27. b3
Rb8 28. Ng5 1-0

[Event "Titled Tue 24th Jun Early"]
[Site "chess.com INT"]
[Date "2025.06.24"]
[Round "7"]
[White "Huh, Isaak"]
[Black "Castillo, Santiago"]
[Result "1-0"]
[WhiteTitle "CM"]
[WhiteElo "2139"]
[BlackElo "2163"]
[WhiteFideId "13209590"]
[BlackFideId "108936"]
[EventDate "2025.06.24"]

1. Nf3 Nf6 2. g3 g6 3. Bg2 Bg7 4. O-O O-O 5. d4 d6 6. c4 Bf5 7. Nc3 Ne4 8. Bf4
Nxc3 9. bxc3 Be4 10. Qd2 c5 11. Qe3 Bc6 12. d5 Bd7 13. Bh6 b6 14. h4 Bc8 15. h5
Ba6 16. Qf4 Nd7 17. Bxg7 Kxg7 18. Nh4 Nf6 19. Bf3 h6 20. hxg6 fxg6 21. Ng2 Nxd5
22. Qe4 Nxc3 23. Qe3 Na4 24. Bxa8 Qxa8 25. Qxe7+ Rf7 26. Qxd6 Bxc4 27. Nf4 Rf6
28. Qd7+ Rf7 29. Qxa4 Qe4 30. Qa3 g5 31. Qc3+ Kh7 32. Rac1 Rxf4 33. gxf4 Bd5 34.
Qd3 gxf4 1-0

[Event "Titled Tue 24th Jun Early"]
[Site "chess.com INT"]
[Date "2025.06.24"]
[Round "7"]
[White "Vasquez Schroeder, Rodrigo"]
[Black "Arakelyan, Manvel"]
[Result "1-0"]
[WhiteTitle "GM"]
[BlackTitle "FM"]
[WhiteElo "2446"]
[BlackElo "2326"]
[WhiteFideId "3400042"]
[BlackFideId "13317415"]
[EventDate "2025.06.24"]

1. e4 c5 2. Nf3 Nc6 3. d4 cxd4 4. Nxd4 Nf6 5. Nc3 e6 6. Ndb5 d6 7. Bf4 e5 8. Bg5
a6 9. Na3 b5 10. Nd5 Be7 11. Bxf6 Bxf6 12. c3 Rb8 13. Nc2 Bg5 14. g3 O-O 15. Bg2
Be6 16. O-O Ne7 17. Ncb4 Qc8 18. h4 Nxd5 19. exd5 Bg4 20. Bf3 Bxf3 21. Qxf3 Bf6
22. a4 bxa4 23. Rxa4 Rb6 24. Rfa1 Qc4 25. Rxa6 Rxa6 26. Rxa6 e4 27. Qe3 Be5 28.
Kg2 f5 29. Rc6 Qb3 30. Qe2 f4 31. gxf4 Bxf4 32. Qxe4 Qxb2 33. Qe6+ Kh8 34. Rc8
Qe2 1-0

[Event "Titled Tue 24th Jun Early"]
[Site "chess.com INT"]
[Date "2025.06.24"]
[Round "7"]
[White "Lazavik, Denis"]
[Black "Shankland, Sam"]
[Result "1-0"]
[WhiteTitle "GM"]
[BlackTitle "GM"]
[WhiteElo "2580"]
[BlackElo "2666"]
[WhiteFideId "13515110"]
[BlackFideId "2004887"]
[EventDate "2025.06.24"]

1. d4 d5 2. c4 c6 3. Nf3 Nf6 4. Qc2 dxc4 5. Qxc4 Bf5 6. g3 e6 7. Bg2 Be7 8. O-O
O-O 9. Qb3 Qb6 10. Nbd2 Rd8 11. Nc4 Qa6 12. Bd2 Be4 13. Rfc1 Nbd7 14. Bb4 c5 15.
dxc5 Bxc5 16. Bxc5 Nxc5 17. Qa3 Qxa3 18. Nxa3 Rac8 19. Nb5 a6 20. Na7 Ra8 21.
Rxc5 Rxa7 22. Rac1 b6 23. R5c3 g6 24. Ne5 Bxg2 25. Kxg2 Rd5 26. f4 Rd2 27. R1c2
Rxc2 28. Rxc2 Nd7 29. Nd3 Kf8 30. Kf3 Ke7 31. Rc6 a5 32. g4 b5 33. g5 b4 34. Ke4
Rb7 35. Kd4 Nb8 36. Rc5 Nd7 37. Rxa5 b3 38. a3 Rc7 39. Rb5 Rc2 40. Ke3 e5 41.
fxe5 Nf8 42. Rxb3 Ne6 43. h4 Rc4 44. Rb4 Rc8 45. a4 1-0